Statistiques concernant ORELSAN - Finir Mal

Cliquez ici pour prendre le quiz!

Statistiques générales

  • Ce quiz a été pris 65 fois
  • Le résultat moyen est 81 sur 499

Statistiques - réponses

Réponse% Correct
m'a
81%
ma
81%
à
69%
me
63%
le
56%
mes
54%
de
48%
la
48%
Je
42%
"Je
42%
je
42%
un
38%
Un
38%
j'te
35%
les
35%
Des
33%
des
33%
dès
33%
va
33%
tu
29%
Tu
29%
B
27%
sa
27%
ta
25%
te
25%
ça
23%
en
23%
et
23%
on
23%
On
23%
une
23%
Mais
21%
mais
21%
pas
21%
pour
21%
que
21%
son
21%
avec
19%
j'ai
19%
J'ai
19%
moi
19%
est
17%
mon
17%
ou
17%
plus
17%
qui
17%
Si
17%
si
17%
tes
17%
t'es
17%
comme
15%
deux
15%
elle
15%
fais
15%
par
15%
tout
15%
au
13%
c'est
13%
C'est
13%
ni
13%
nous
13%
pire
13%
sans
13%
toi
13%
tous
13%
vous
13%
dans
12%
dire
12%
faire
12%
fait
12%
j'me
12%
quand
12%
quoi
12%
ton
12%
toujours
12%
alors
10%
bien"
10%
bien
10%
depuis
10%
eu
10%
jamais
10%
J'suis
10%
J'vais
10%
j'veux
10%
mentir
10%
qu'on
10%
qu'tu
10%
rien
10%
sais
10%
beau
8%
Bon
8%
chez
8%
dormir
8%
d'rapports
8%
encore
8%
êtes
8%
fête
8%
jours
8%
jusqu'à
8%
juste
8%
lune
8%
meuf
8%
mois
8%
pt'-êt'
8%
p't-êt'
8%
pt'-être
8%
quelle
8%
sera
8%
t'aimes"
8%
tête
8%
trouvé
8%
trouve
8%
vérité
8%
veux
8%
anniversaire
6%
attendant
6%
autant
6%
autre
6%
boîte
6%
branler
6%
cadeau
6%
charmant
6%
cherche
6%
chienne
6%
choisis
6%
cinéma
6%
clichés
6%
consentante
6%
copine
6%
c'que
6%
d'avoir
6%
décrocher
6%
dirais
6%
d'te
6%
ensemble
6%
esquiver
6%
ex
6%
facile
6%
fille
6%
grailler
6%
homme
6%
j'irai
6%
J'oublie
6%
j'réfléchis
6%
j'répondrai
6%
j'taperais
6%
j't'appellerai
6%
kiffe
6%
l'film
6%
l'intention
6%
Maintenant
6%
m'attire
6%
mauvais
6%
m'dis
6%
meilleur
6%
même
6%
ménage
6%
mieux
6%
moins
6%
naïve
6%
n'importe
6%
Oublie
6%
Parce
6%
parce
6%
parents
6%
part
6%
paye
6%
pédigrée
6%
peu
6%
pouvez
6%
préfère
6%
prénom
6%
prince
6%
p'tite
6%
qu'en
6%
quitte
6%
quitterai
6%
qu'un
6%
rencontre
6%
rencontrer
6%
rêves
6%
série
6%
seule
6%
sois
6%
sortir
6%
souvenirs
6%
t'en
6%
tenir
6%
tiens
6%
tiser
6%
t'offrir
6%
tombe
6%
trop
6%
verras
6%
veuilles
6%
vie
6%
voir
6%
voudrait
6%
vraiment
6%
yeux
6%
Ah
4%
bonne
4%
bouquet
4%
couchera
4%
cuisine
4%
d'ado
4%
d'amour
4%
destinée
4%
d'fleurs
4%
d'l'attraper
4%
d'nom
4%
dragué
4%
égocentrique
4%
fois
4%
genre
4%
gosse
4%
"J'aime
4%
j'débarque
4%
j'essaierai
4%
j'paye
4%
j'penserai
4%
j't'observe
4%
kiffer
4%
l'impression
4%
McDo
4%
ouais
4%
ouh
4%
pauvre
4%
pourrait
4%
qu't'es
4%
qu'une
4%
raté
4%
romantique
4%
rond-point
4%
sportif
4%
tromperai
4%
trouverai
4%
type
4%
venir
4%
baratineurs
2%
carrément
2%
chramante
2%
crame
2%
crée
2%
déranger
2%
douze
2%
D'temps
2%
excuse-moi
2%
fopis
2%
franchement
2%
gentil
2%
grammes
2%
j'rencontre
2%
j'rentrerai
2%
l'aube
2%
liens
2%
l'sang
2%
Oh
2%
paraît
2%
préviens
2%
qu'j'suis
2%
serai
2%
t'auras
2%
temps
2%
toujurs
2%
tout-à-l'heure
2%
tranquillement
2%
travaillé
2%

Distribution des résultats

Percentile par nombre de réponses

% des personnes avec chaque résultat

Votre développement - résultats

Vous n’avez pas pris ce quiz